000 01339nam a22002777a 4500
001 1468
005 20260327105009.0
020 _a9789995054106
040 _aFISKH
_beng
_cFISKH
_dFISKH
082 _a635.9
100 _aDary, Heng
245 _aការដាំត្រកួន /
250 _aបោះពុម្ពលើកទី ៧​ មិថុនា ឆ្នាំ​២០២១
260 _aPhnom Penh :
_bSipar,
_c2021.
300 _a44 pages :
_bcolor illustrations ;
_c28 cm
490 _aបំណិនជីវិត
505 _aZ'
520 _aបង្ហាញអំពីការរៀបចំរងរហូតដល់ការទុកគ្រាប់ពូជ និងមានវិធីធ្វើម្ហូប សាមញ្ញៗពីបន្លែត្រកួន សម្រាប់បរិភោគក្នុងគ្រួសារ។
520 _aIntroduce the preparation to the storage of seeds and simple recipes from water convolvulus for family consumption.​​​
521 _a1120
_bLexile estimate
521 _aZ'
_bRaz-Plus
650 _aWater convolvulus
_vSeed
_xFood
650 _aត្រកួន
_vគ្រាប់ពូជ
_xម្ហូប
700 _aSophaleap, Nhoek
_cillustrator
942 _2ddc
_cBK
_n0
999 _c1468
_d1468